000 00390nam a2200121Ia 4500
003 GCL
008 140319s9999 xx 000 0 eng d
040 _aGCL /
_cGCL
082 0 4 _a813.0099282
_bWP
245 1 0 _aPrizewinning Books For Children: Themes and Stereotypes in Mis Prigewinning Phose Fiction For Children
260 _a[S.N] :
_bMacmillan Publishing Company ،
_c1993
300 _a455 P
999 _c18087
_d18087